| 000 | 00552nam a22001697a 4500 | ||
|---|---|---|---|
| 005 | 20250327121738.0 | ||
| 008 | 250327b |||||||| |||| 00| 0 eng d | ||
| 020 | _a9781009048699 | ||
| 041 | _aeng | ||
| 082 | _a330.019 GAR | ||
| 100 | _aGarza, Pablo Branas | ||
| 245 |
_aImperfect Perception and Stochastic Choice in Experiments _bElements in Behavioural and Experimental Economics |
||
| 260 |
_aUSA _bCambridge Univeinrity Pres _c2023 |
||
| 300 | _a60;. pages: 23 cm | ||
| 650 | _aEconomics-Psychological Aspects; Consumer Behavior | ||
| 942 | _cBK | ||
| 999 |
_c43437 _d43437 |
||